A world without tyranny : (Record no. 1338)

MARC details
000 -LEADER
fixed length control field 00964cam a2200265 a 4500
001 - CONTROL NUMBER
control field 1983597
003 - CONTROL NUMBER IDENTIFIER
control field GBCCL
005 - DATE AND TIME OF LATEST TRANSACTION
control field 20241126110359.0
008 - FIXED-LENGTH DATA ELEMENTS--GENERAL INFORMATION
fixed length control field 890928s1990 ilu b 001 0 eng
010 ## -
-- 89081259
020 ## - INTERNATIONAL STANDARD BOOK NUMBER
International Standard Book Number 0891075097 (pbk.)
040 ## - CATALOGING SOURCE
Original cataloging agency DLC
Transcribing agency DLC
Modifying agency DLC
050 00 -
-- BR115.I7
-- C87 1990
082 00 - DEWEY DECIMAL CLASSIFICATION NUMBER
Classification number 261.87
Edition information 20
Item number CUR
100 1# - MAIN ENTRY--PERSONAL NAME
Personal name Curry, Dean C.,
Dates associated with a name 1952-
9 (RLIN) 2634
245 12 - TITLE STATEMENT
Title A world without tyranny :
Remainder of title Christian faith and international politics /
Statement of responsibility, etc. Dean C. Curry.
260 ## - PUBLICATION, DISTRIBUTION, ETC.
Place of publication, distribution, etc. Westchester, Ill. :
Name of publisher, distributor, etc. Crossway Books,
Date of publication, distribution, etc. c1990.
300 ## - PHYSICAL DESCRIPTION
Extent xix, 256 p. ;
Dimensions 22 cm.
440 #0 - SERIES STATEMENT/ADDED ENTRY--TITLE
Title Turning point Christian worldview series
9 (RLIN) 2635
504 ## - BIBLIOGRAPHY, ETC. NOTE
Bibliography, etc. note Includes bibliographical references (p. [213]-248) and index.
650 #0 - SUBJECT ADDED ENTRY--TOPICAL TERM
Topical term or geographic name entry element Christianity and international relations.
9 (RLIN) 2636
906 ## - LOCAL DATA ELEMENT F, LDF (RLIN)
a 7
b cbc
c orignew
d 3
e opcn
f 19
g y-gencatlg
942 ## - ADDED ENTRY ELEMENTS (KOHA)
Source of classification or shelving scheme Dewey Decimal Classification
Koha item type Books
Holdings
Withdrawn status Lost status Source of classification or shelving scheme Damaged status Not for loan Home library Current Library Shelving location Date acquired Total checkouts Full call number Barcode Date last seen Copy number Price effective from Koha item type
    Dewey Decimal Classification     GRACE BIBLE COLLEGE GRACE BIBLE COLLEGE Ministry & Mission 2017-04-26   261.87 CUR 004341 2025-05-01 c.1 2017-04-26 Books
© Grace Bible College Library 2025